000 00904nam a2200289 i 4500
001 000046545
003 DO-SdBNP
005 20231220092213.0
007 ta
008 150824s2015 dr 000 p spa d
020 _a9789945166781
040 _aDO-SdBNP
_bspa
_cBNPHU
_erda
082 4 _aRD861.44
_bE74d
_222
100 1 _aEscala, Miguel J.
_917400
_eautor
245 1 0 _aDolor original :
_bantología personal /
264 _aSanto Domingo :
_bBúho,
_c2015.
300 _a188 páginas ;
_c21 cm.
336 _2rdacontent
_atexto
_btxt
337 _2rdamedia
_asin mediación
_bn
338 _2rdacarrier
_avolumen
_bnc
500 _aIncluye datos biográficos del autor en las solapas
590 _aInventariado, 2023/MFF
650 4 _aPoesía dominicana
_vColecciones
650 4 _aLiteratura dominicana
_vColecciones
_97123
910 _aValidado. Control de calidad MFF
942 _2ddc
_cLBS1
999 _c46034
_d46034